[Event "Europe Echecs Blitz Sept op"]
[Site "Europe Echecs INT"]
[Date "2021.09.19"]
[Round "1"]
[White "Loubieres, Francois"]
[Black "Guseinov, Gadir"]
[Result "0-1"]
[WhiteElo "1703"]
[BlackElo "2665"]
[PlyCount "56"]
[EventDate "2021.09.19"]
[EventType "swiss (blitz)"]
[EventRounds "11"]
[EventCountry "FRA"]
[SourceTitle "CBM 204 Extra"]
[Source "ChessBase"]
[SourceDate "2021.11.30"]
[SourceVersion "1"]
[SourceVersionDate "2021.11.30"]
[SourceQuality "1"]

1. b3 e5 2. Bb2 Nc6 3. e3 g6 4. d4 Bg7 5. d5 Nce7 6. Nf3 d6 7. c4 f5 8. Be2 Nf6 9. b4 0-0 10. 0-0 Kh8 11. Nc3 Neg8 12. a4 Nh6 13. h3 Nf7 14. c5 e4 15. Nh2 Ne5 16. f4 exf3 17. Nxf3 Qe7 18. Nd4 dxc5 19. bxc5 Qxc5 20. Ba3 Qxc3 21. Bxf8 Qxe3+ 22. Kh1 Bxf8 23. Ne6 Bxe6 24. dxe6 Bd6 25. Rc1 Ne4 26. Qe1 Ng3+ 27. Kh2 Nxe2 28. Rf3 Nxf3+ 0-1

[Event "Europe Echecs Blitz May op"]
[Site "Europe Echecs INT"]
[Date "2021.05.09"]
[Round "9"]
[White "Trolong, Alain"]
[Black "Loubieres, Francois"]
[Result "0-1"]
[WhiteElo "1303"]
[BlackElo "1703"]
[PlyCount "54"]
[EventDate "2021.05.09"]
[EventType "swiss (blitz)"]
[EventRounds "11"]
[EventCountry "FRA"]
[SourceTitle "CBM 202 Extra"]
[Source "ChessBase"]
[SourceDate "2021.07.31"]
[SourceVersion "1"]
[SourceVersionDate "2021.07.31"]
[SourceQuality "1"]

1. f4 Nf6 2. e3 e6 3. Nf3 b6 4. b3 Bb7 5. Bb2 g6 6. Be2 Bg7 7. d3 0-0 8. Nbd2 d6 9. 0-0 Nbd7 10. e4 c5 11. Nc4 d5 12. Nd6 Bc6 13. Bxf6 Nxf6 14. e5 Ne8 15. Nxe8 Rxe8 16. d4 cxd4 17. Nxd4 Bb7 18. a4 a6 19. b4 Rc8 20. b5 a5 21. Bd3 Qc7 22. Rf3 f6 23. Nxe6 Rxe6 24. exf6 Bxf6 25. Rb1 Qc3 26. Bf5 Qc5+ 27. Kh1 gxf5 0-1

[Event "Europe Echecs online op April"]
[Site "Europe Echecs INT"]
[Date "2020.04.11"]
[Round "7"]
[White "Loubieres, Francois"]
[Black "Hilton, Marc"]
[Result "1-0"]
[WhiteElo "1703"]
[BlackElo "1589"]
[PlyCount "33"]
[EventDate "2020.04.11"]
[EventType "swiss (blitz)"]
[EventRounds "11"]
[EventCountry "FRA"]
[SourceTitle "EXT 2021"]
[Source "ChessBase"]
[SourceDate "2020.10.23"]
[SourceVersion "1"]
[SourceVersionDate "2020.10.23"]
[SourceQuality "1"]

1. b3 e5 2. Bb2 Nc6 3. e3 d5 4. Bb5 Bd6 5. f4 exf4 6. Bxg7 Qh4+ 7. Kf1 fxe3 8. dxe3 Bg4 9. Nf3 Qe7 10. Qxd5 Be6 11. Bxc6+ bxc6 12. Qxc6+ Bd7 13. Qxa8+ Qd8 14. Qxd8+ Kxd8 15. Bxh8 Bb5+ 16. c4 Bd7 17. Nc3 1-0

[Event "Europe Echecs online op April"]
[Site "Europe Echecs INT"]
[Date "2020.04.11"]
[Round "2"]
[White "Loubieres, Francois"]
[Black "Unuk, Laura"]
[Result "0-1"]
[WhiteElo "1703"]
[BlackElo "2176"]
[PlyCount "58"]
[EventDate "2020.04.11"]
[EventType "swiss (blitz)"]
[EventRounds "11"]
[EventCountry "FRA"]
[SourceTitle "EXT 2021"]
[Source "ChessBase"]
[SourceDate "2020.10.23"]
[SourceVersion "1"]
[SourceVersionDate "2020.10.23"]
[SourceQuality "1"]

1. b3 e5 2. Bb2 Nc6 3. e3 d5 4. Bb5 Bd6 5. f4 f6 6. Nh3 Nge7 7. 0-0 Bxh3 8. Qh5+ Ng6 9. Qxh3 exf4 10. Nc3 fxe3 11. Nxd5 Bxh2+ 12. Kxh2 Qxd5 13. Qxe3+ Kd7 14. Bc4 Qd6+ 15. Kg1 Rae8 16. Qh3+ Kd8 17. Rae1 Nge5 18. Re3 Qd7 19. Bxe5 Nxe5 20. Qg3 Kc8 21. Be2 h5 22. d4 Qxd4 23. Rf4 Qc5 24. Rfe4 Nc6 25. Qxg7 Rxe4 26. Qxh8+ Nd8 27. Qxf6 Qxe3+ 28. Qf2 Qxe2 29. Qxe2 Rxe2 0-1

[Event "Angers op 1st"]
[Site "Angers"]
[Date "2006.05.07"]
[Round "4"]
[White "Broin, Christian"]
[Black "Loubieres, Francois"]
[Result "1/2-1/2"]
[WhiteElo "1806"]
[BlackElo "1499"]
[PlyCount "66"]
[EventDate "2006.05.06"]
[EventType "swiss"]
[EventRounds "6"]
[EventCountry "FRA"]
[SourceTitle "EXT 2007"]
[Source "ChessBase"]
[SourceDate "2006.11.23"]
[SourceVersion "1"]
[SourceVersionDate "2006.11.23"]
[SourceQuality "1"]

1. c4 Nf6 2. g3 e6 3. Bg2 d5 4. Nf3 b6 5. 0-0 Bb7 6. d4 Nbd7 7. Nc3 Be7 8. Qc2 0-0 9. cxd5 exd5 10. Bf4 a6 11. Rac1 c5 12. Rfd1 c4 13. a4 Re8 14. Re1 Bb4 15. Bg5 h6 16. Bf4 Nh5 17. Bd2 Ndf6 18. Ne5 Bxc3 19. bxc3 Ne4 20. Bxe4 dxe4 21. Nxc4 Rc8 22. Ne3 Qd7 23. Qb3 Re6 24. d5 Rd6 25. c4 f5 26. Ng2 b5 27. axb5 axb5 28. Qxb5 Qxb5 29. cxb5 Rxd5 30. Be3 Rxb5 31. h4 Rb2 32. Rb1 Rcc2 33. Rxb2 Rxb2 1/2-1/2